| 000 | 003340000a22001090004500 | ||
|---|---|---|---|
| 090 |
_aAS _bSeriadas |
||
| 245 | 1 | 0 | _aPrimer registro de dos géneros de palma para la flora colombiana |
| 041 | 0 | _aEspañol | |
| 100 | 1 |
_aGaleano Garcés, Gloria _925270 |
|
| 942 | _cARTICULO | ||
| 773 | 1 |
_tMutisia: Acta Botánica Colombiana _3893 _h66 _q1-4 _d1986 |
|
| 999 |
_c15270 _d15270 |
||